000 00285nam a22001337a 4500
008 170908b xxu||||| |||| 00| 0 eng d
020 _a9780312103323
041 _aeng
080 _a91
100 _a42
101 _aGJEO
245 _aTHE GLOBAL PAST
_cFIELDS,L.B
942 _2udc
_cBK
999 _c26762
_d26762